| 000 | 00826nam a22002297a 4500 | ||
|---|---|---|---|
| 999 |
_c7625 _d7625 |
||
| 003 | AR-CdUCM | ||
| 008 | 190321b ||||| |||| 00| 0 spa d | ||
| 040 |
_aMUNICIPALIDAD PROVINCIAL DEL CUSCO _cBIBLIOTECA MUNICIPAL DEL CUSCO |
||
| 082 |
_a574.5 / _bS82 |
||
| 100 |
_aStorer, John H. _921526 |
||
| 245 |
_aLa trama de la vida : _bIntroducción a la ecología / |
||
| 260 |
_aMéxico : _bFondo de Cultura Económica, _c1959. |
||
| 300 |
_a135 paginas ; _c17 cm. |
||
| 440 |
_aBrevarios del fondo de cultura económica _n143 _921527 |
||
| 505 | _aContenido :La trama de la vida -- Introducción a la ecología. | ||
| 650 |
_aEcología _94960 |
||
| 650 |
_aCiencias aplicadas _920077 |
||
| 650 |
_aFísica y química _921232 |
||
| 700 |
_aCampo, Rafael Martín del (traductor) _921528 |
||
| 942 |
_2ddc _cLIBROS |
||
| 945 | _arum | ||